IU song(until 2023) - Statistics

General Stats
  • This quiz has been taken 41 times
  • The average score is 37 of 117
Answer Stats
Hint Answer % Correct
Real Good Day
91%
LILAC Lilac
84%
Digital Single(prod. by SUGA) eight(ft. SUGA of BTS)
78%
Palette Palette(ft. G-DRAGON)
72%
Pieces You
72%
LILAC Celebrity
69%
Love poem Blueming
66%
Last Fantasy YOU&I
66%
IU's 10th anniversarydigital Single BBIBBI
63%
CHAT-SHIRE Twenty-three
59%
LILAC Coin
56%
Modern Times The Red Shoes
56%
Palette dlwlrma
56%
LILAC My Sea
56%
Digital Single strawberry moon
53%
Love poem Love poem
47%
Palette Through The Night
47%
LILAC Flu
47%
Love poem Above The Time
44%
Growing Up Boo
44%
Modern Times Epilogue Friday(ft. Jang Yijung of HISTORY)
44%
Palette Jam Jam
44%
Modern Times Modern Times
44%
Spring of a Twenty Year Old Every End of The Day
41%
IU...IM Marshmallow
41%
Pieces Drama
41%
Palette Ending Scene
41%
Last Fantasy Last Fantasy
41%
LILAC Ah Puh
38%
Lost And Found Lost Child
38%
CHAT-SHIRE Heart
38%
A Flower Bookmark Meaning Of You(ft. Kim Changwan)
38%
CHAT-SHIRE Zeze
38%
Palette Can't Love You Anymore(with Oh Hyuk)
34%
Palette Black Out
34%
Nagging Nagging(ft.Seulong of 2AM)
34%
Spring of a Twenty Year Old Peach
34%
Pieces Winter Sleep
34%
Spring of a Twenty Year Old Don't LIke Her
34%
LILAC Epilogue
34%
Modern Times Havana
34%
Love poem The visitor
34%
LILAC Troll(ft. DEAN)
34%
Lost And Found Ugly Duckling
34%
Modern Times Between The Lips(50cm)
31%
Real+ Only I Didn't Know
31%
CHAT-SHIRE Glasses
31%
Real In A Room Alone
31%
CHAT-SHIRE Knees
31%
Love poem Lullaby
31%
CHAT-SHIRE Shoes
31%
Lost And Found Well...(ft. Mario)
31%
Modern Times Bad Day
28%
A Flower Bookmark 2 Autumn Morning
28%
Palette Dear Name
28%
Modern Times Everybody Has Secret(ft. Gain of B.E.G)
28%
Palette Full Stop
28%
Pieces Love Letter
28%
Modern Times Love Of B(with Park Juwon)
28%
CHAT-SHIRE Red Queen(ft. Zion.T)
28%
Last Fantasy Secret
28%
CHAT-SHIRE The Shower
28%
A Flower Bookmark My Old Story
25%
LILAC Empty Cup
25%
Lost And Found Feel So Good
25%
Growing Up Graduation Day
25%
LILAC Hi Spring Bye
25%
Modern Times Obliviate
25%
Nagging Rain Drop
25%
IU...IM Tear Drops In The Morning
25%
Love poem unlucky
25%
A Flower Bookmark When Love Passes By
25%
Last Fantasy 4AM
22%
IU&Sung Sikyung's 2nd digital Single First Winter
22%
Modern Times Epilogue Crayon
22%
Lost And Found Every Sweet Day
22%
A Flower Bookmark Flower
22%
A Flower Bookmark 2 Last Night Story
22%
A Flower Bookmark Pierrot Laughs At Us
22%
IU...IM Taking A Train
22%
Last Fantasy Teacher
22%
Last Fantasy Wallpaper Pattern
22%
Last Fantasy Wisdom Tooth
22%
Growing Up A Dreamer
19%
Modern Times Daydream(ft.Yang Heeeun)
19%
Growing Up Four Without Me
19%
Palette Love Alone
19%
Real Merry Christmas Ahead(ft. Thunder of MBLAQ)
19%
Pieces Next Stop
19%
Real Not Like This
19%
Growing Up Pitiful
19%
A Flower Bookmark 2 Secret Garden
19%
Real The Night of The First Breakup
19%
Modern Times Voice Mail
19%
Modern Times Wait
19%
Real What I'm Doing Slow
19%
Modern Times A Gloomy Clock(ft. Jonghyun of SHInee)
16%
A Flower Bookmark Boom Ladi Dadi(ft. Clon)
16%
A Flower Bookmark 2 Sleepless Rainy Night
16%
Digital Single(pre-release of Seo Taiji's album) SOGYEOKDONG
16%
A Flower Bookmark 2 By The Stream
16%
Digital Single(Season song) Not Spring, Love or Cherry Blossom (with HIGH4)
16%
A Flower Bookmark Dreams In Summer Night
16%
A Flower Bookmark 2 Everyday With You
16%
Last Fantasy Everything's Alright
16%
IU...IM Heart Beating Date
16%
Last Fantasy Uncle(ft. Lee Juck)
16%
Modern Times Walk With Me, Girl(ft. Choi Baekho)
16%
Growing Up Face To Face(After Looking At)
13%
IU...IM Growing Up
13%
Last Fantasy Holding A Star In My Heart
13%
Growing Up Looking At You
13%
Real+ Scary Fairy Tale
13%
Last Fantasy Sleeping Prince
13%
Last Fantasy The Abandoned
13%
IU&Sung Sikyung's 1st Digital Single It's You(with Sung Sikyung)
9%
Last Fantasy L'amant
9%
No matching quizzes found
Score Distribution
Percent of People with Each Score
Percentile by Number Answered
Your Score History
You have not taken this quiz